000 00409nam a2200145Ia 4500
008 210210b2003 xxu||||| |||| 00| 0 eng d
082 _a321.80954 SHAC
100 _aSHALINI (M) and others.
245 _aConstitution of India.
260 _aMangalore
_bSt. Agnes College
_c2003
300 _a300
650 _aConstitution India Human Rights Environment
690 _aIndian Constitution
906 _a058729
999 _c105888
_d105888